Statystyki dla Męskie Imiona na literę M

Kliknij tutaj aby rozwiązać quiz!

Ogólne statystyki

  • Ten quiz został rozwiązany 402 razy
  • Średni wynik to 11 z 39

Statystyki odpowiedzi

Imiona% Poprawnych
Marek
84%
Mateusz
83%
Michał
78%
Marcin
74%
Mariusz
74%
Mirosław
71%
Maciej
61%
Marian
57%
Mieczysław
52%
Mikołaj
52%
Miłosz
52%
Marcel
49%
Maks
44%
Maksym
38%
Maksymilian
36%
Maurycy
33%
Mieszko
22%
Makary
20%
Melchior
20%
Marceli
18%
Miron
17%
Martin
13%
Milan
12%
Manfred
8%
Mścisław
8%
Michael
7%
Manuel
4%
Malwin
3%
Małomił
1%
Mieslaw
1%
Mysław
1%
Malkolm
0%
Marcelian
0%
Marcisław
0%
Maron
0%
Maureliusz
0%
Melaniusz
0%
Mirogniew
0%
Mroczesław
0%

Rozkład punktacji

Percentyl według liczby udzielonych odpowiedzi

Procent ludzi z każdym wynikiem

Twoja historia wyników

Nie rozwiązałeś tego quizu